Význam a uplatňovanie minimálnych príjmových veličín na Slovensku bakalárska práca

Guardado en:
Detalles Bibliográficos
Autor principal: Bánovská, Paula
Autor Corporativo: Národohospodárska fakulta EU. Katedra sociálneho rozvoja a práce
Otros Autores: Šipikalová, Silvia, 1979-
Formato: Libro
Lenguaje:eslovaco
Publicado: Bratislava 2016
Etiquetas: Agregar Etiqueta
Sin Etiquetas, Sea el primero en etiquetar este registro!

MARC

LEADER 00000nbm a2200000 4500
001 0219812
005 20161118105956.4
041 0 |a slo 
044 |a SK 
245 1 0 |a Význam a uplatňovanie minimálnych príjmových veličín na Slovensku  |b bakalárska práca  |c Paula Bánovská ; školiteľ: Silvia Šipikalová 
264 1 |a Bratislava  |c 2016 
300 |a 41 s. 
100 1 |a Bánovská, Paula 
700 1 |a Šipikalová, Silvia, 1979- 
710 2 |a Národohospodárska fakulta EU. Katedra sociálneho rozvoja a práce